00459nam a2200121Ia 45000010005000000080041000050820028000461000053000742450119001272600048002469010028002949990015003223056241024s9999 xx 000 0 und d aRD/370.97293/R426n/2013 aRepública Dominicana.Ministerio de Educación 0aNormas del Sistema Educativo Dominicano para convivencia Armoniosa en los Centros Educativos Públicos y Privados bRepública Dominicana, Santo Domingoc2013 a23/7/2013 12:06:20 p.m. c9011d9011